00880nam a2200289 i 450000100060000000300090000600500170001500700030003200800410003502000180007604000220009408000110011608000140012708000110014124501520015225000120030426000340031630000210035049000200037165000260039165000310041765000230044870000280047170000310049983000270053085200330055754775ES-MaACL20250809062549.0t|040114s2002 sp ||||0| spa d a84-7432-974-4 aM-BN bspa cM-BN a340.12 a340.132.6 a329.1203aLa relevancia del derecho b: ensayos de filosofía jurídica, moral y política / cPablo E. Navarro y María Cristina Redondo (compiladores). a1ª ed. aBarcelona : bGedisa, c2002. a367 p ; c23 cm.0 aSerie Cla-de-ma 4aDerecho-xFilosofía14aDerecho-xInterpretación17aLiberalismo2embne1 aNavarro, Pablo Eugenio.1 aRedondo, María Cristina. 0aSerie Cla-de-ma (1998) aES-MaACLjL-26805 bR.132432